000 01479nam a2200241Ia 4500
999 _c56186
_d56186
001 23287
003 GE_BSU
005 20220927120702.0
008 181216s2018||||ge |||||||||||||| ||geo||
020 _a9789941958243
040 _cGE_BSU
041 _ageo
080 _a330.1(075.8) ქ-69
100 _aქოქიაური, ლამარა
_93369
245 _aინოვაციური ეკონომიკა :
_b[სახელმძღვანელო] /
_cლამარა ქოქიაური, ნინო ქოქიაური, ბადრი გეჩბაია ; რედაქტორები: ირაკლი კოვზანაძე, გივი ბედიანაშვილი.
264 _aთბილისი ; ბათუმი :
_bკალმოსანი,
_c2018.
300 _a651 გვ. :
_bნახ. ;
_c28 სმ.
500 _aეძღვნება ივ. ჯავახიშვილის სახ. თბილისის სახელმწ. უნ-ტის დაარსებიდან 100 წლის იუბილეს. თავფურცლის მე-3 გვერდი ინგლ. ენაზე.
504 _aბიბლიოგრ. თავების ბოლოს.
653 _aინოვაციური ეკონომიკა
700 _aქოქიაური, ნინო
_eავტორი
_914845
942 _cBK
_2udc